| 000 | 005110000a22001930004500 | ||
|---|---|---|---|
| 001 | 004657 | ||
| 003 | MACL | ||
| 005 | 20150715153303.0 | ||
| 008 | 150715b xxu||||| |||| 00| 0 eng d | ||
| 040 |
_aMACL _cMACL |
||
| 041 | _aEnglish | ||
| 082 | _a323/SAK | ||
| 100 |
_aSaksena, K.P. _92239 |
||
| 245 |
_aHuman Rights & The Contitution _bVision And The Reality _cK.P. Saksena |
||
| 260 |
_aNew Delhi _bGyan Publishing House _c2003 |
||
| 350 | _a890 | ||
| 650 |
_aPolitical Science _988 |
||
| 942 |
_k323 _cBK _2ddc |
||
| 999 |
_c16544 _d16544 |
||